Statistics for Heroes of Olympus Characters

Click here to take the quiz!

General Stats

  • This quiz has been taken 126 times
  • The average score is 9 of 10

Answer Stats

HintAnswer% Correct
GreekPercy Jackson
99%
RomanJason Grace
97%
GreekLeo Valdez
97%
GreekPiper Mclean
97%
RomanFrank Zhang
96%
RomanHazel Levesque
96%
GreekNico di Angelo
87%
RomanReyna Avila Ramirez Arellano
87%
SaytrGleeson Hedge
86%
GreekAnnabeth Chase
77%

Score Distribution

Percentile by Number Answered

Percent of People with Each Score

Your Score History

You have not taken this quiz